| 000 | 00372nam a2200133Ia 4500 | ||
|---|---|---|---|
| 008 | 220120s9999||||xx |||||||||||||| ||und|| | ||
| 020 | _a9788131503638 | ||
| 082 | _a621.3 CHA | ||
| 100 | _aChandrashekaraiah, P.M | ||
| 245 | 0 | _aBasic electrical engineering | |
| 260 |
_aRajeswari publication _bNew Delhi _c2014 |
||
| 300 |
_aXXVI, 1156p. _b450 |
||
| 650 | _aCOMPUTER SCIENCE | ||
| 999 |
_c134497 _d134497 |
||